| 000 | 00611nam a2200157Ia 4500 | ||
|---|---|---|---|
| 008 | 151213s9999 xx 000 0 und d | ||
| 100 | _aমোহাম্মদ হারুণ অর রশিদ। | ||
| 245 |
_aসমালোচনা। _cমোহাম্মদ হারুণ অর রশিদ। |
||
| 250 | _a১ম সং | ||
| 260 |
_aঢাকা _bবাংলা একাডেমী। _c1985 |
||
| 300 | _a4441 p. | ||
| 650 | _aBangla | ||
| 650 | _aসমালোচনা গ্রন্থ | ||
| 700 | _aমোহাম্মদ হারুণ অর রশিদ। | ||
| 999 |
_c2816 _d2816 |
||